00361nam a2200121Ia 4500003000500000005001700005008004100022020001800063100002500081245006200106260005400168300001700222SISC20191121155511.0180219s9999 xx 000 0 und d a9789715132558 aQuiambao-Udan, Josie aNCLEX-RN TEST-PREP for international nurses :bseries I / aErmita City :bEducational publishing housec2009 av, 989 pages